Energy and distortion analysis of video compression schemes in multi-hope wireless video sensor networks (Record no. 10154)

000 -LEADER
fixed length control field 00543 a2200133 4500
082 ## - DEWEY DECIMAL CLASSIFICATION NUMBER
Classification number MS-IT-7
100 ## - MAIN ENTRY--PERSONAL NAME
Personal name Saeed Ullah
9 (RLIN) 99998
245 ## - TITLE STATEMENT
Title Energy and distortion analysis of video compression schemes in multi-hope wireless video sensor networks
Statement of responsibility, etc. Saeed Ullah
260 ## - PUBLICATION, DISTRIBUTION, ETC.
Place of publication, distribution, etc. Islamabad:
Name of publisher, distributor, etc. NUST School of Electrical Engineering & Computer Science,
Date of publication, distribution, etc. 2010.
300 ## - PHYSICAL DESCRIPTION
Extent vii, 49 p. :
Other physical details ill. ;
Dimensions 27 cm.
500 ## - GENERAL NOTE
General note Supervisor : Dr. Syed Ali Khayam.
856 ## - ELECTRONIC LOCATION AND ACCESS
Uniform Resource Identifier <a href="http://10.250.8.41:8080/xmlui/handle/123456789/12895">http://10.250.8.41:8080/xmlui/handle/123456789/12895</a>
942 ## - ADDED ENTRY ELEMENTS (KOHA)
Koha item type Project Report
Call number prefix MS-IT- 7 SAE
Source of classification or shelving scheme
Holdings
Withdrawn status Lost status Damaged status Not for loan Permanent Location Current Location Total Checkouts Full call number Barcode Date last seen Price effective from Koha item type
        Central Library (CL) Central Library (CL)   MS-IT- 7 SAE SEECSP00835 11/14/2012 11/14/2012 Project Report
© 2023 Central Library, National University of Sciences and Technology. All Rights Reserved.